Responsabilidade e corrupȯ̂

Detalles Bibliográficos
Autor principal: Romero Polillo, Renato
Formato: eBook
Lenguaje:portugués
Publicado: San Pablo: Editora ContraCorrente, 2020
Materias:
Acceso en línea:Acceso restringido

MARC

LEADER 00000nam a22000007a 4500
005 20210909123029.0
007 cr|||| ||||
008 210909s2020 br |||||s|||| 00||0 por d
020 |a 978-65-991612-1-6 
035 |a 35088 
040 |a vLex 
090 |c 12364  |d 12364 
100 1 |a Romero Polillo, Renato 
245 1 0 |a Responsabilidade e corrupȯ̂  |h [Recurso electrn̤ico] /  |c Renato Romero Polillo 
256 |a Servicio en ln̕ea 
260 |a San Pablo:  |b Editora ContraCorrente,  |c 2020 
300 |a 1 recurso electrn̤ico 
506 1 |a Disponible solo en los productos indicados  |d vLex Global  |d vLex Global (Academic Edition, excluding Law Schools)  |d vLex Global (U.S. Academic Edition, Law Schools)  |d vLex Global (U.S. Academic Edition, excluding Law Schools)  |d vLex Global (Academic Edition, Law Schools) 
650 0 4 |a Derecho Pb︢lico y Administrativo  |z Brasil 
740 0 |a vLex Libros (Servicio en ln̕ea) 
856 4 0 |u https://app.vlex.com/#/sources/35088  |z Acceso restringido 
942 |c BOOK 
999 0 |a Public and Administrative Law